[Event "Sydney op-B"]
[Site "Parramatta"]
[Date "2010.04.07"]
[Round "1"]
[White "Stahnke, Alexander"]
[Black "Hannagan, Peter K"]
[Result "1-0"]
[WhiteElo "1918"]
[BlackElo "1401"]
[PlyCount "77"]
[EventDate "2010.04.07"]
[EventType "swiss"]
[EventRounds "9"]
[EventCountry "AUS"]
[SourceTitle "EXT 2012"]
[Source "ChessBase"]
[SourceDate "2011.11.24"]
[SourceVersion "1"]
[SourceVersionDate "2011.11.24"]
[SourceQuality "1"]

1. d4 d5 2. c4 dxc4 3. e3 b5 4. Nc3 c6 5. Nxb5 cxb5 6. Qf3 Nc6 7. Qxc6+ Bd7 8. Qf3 Nf6 9. Bd2 e6 10. a4 Be7 11. axb5 Bxb5 12. Bxc4 Bd7 13. Ne2 0-0 14. 0-0 Qc7 15. Rfc1 Qb6 16. Ba5 Qxb2 17. Rab1 Qa3 18. Bb4 Bxb4 19. Ra1 Qb2 20. Ra2 Qxc1+ 21. Nxc1 a5 22. Nd3 Rac8 23. Ne5 Bb5 24. Bxb5 Rc1+ 25. Bf1 Rfc8 26. Nd3 Rb1 27. Nxb4 Rxb4 28. Rxa5 h6 29. Ra8 Rxa8 30. Qxa8+ Kh7 31. Bd3+ g6 32. h3 Kg7 33. Qa5 Rb3 34. Bc2 Rb2 35. Qc3 Rb7 36. e4 h5 37. d5 Rd7 38. Bb3 exd5 39. e5 1-0

[Event "AUS-ch U18"]
[Site "Sandy Bay"]
[Date "2010.01.25"]
[Round "11"]
[White "Tan, Kevin1"]
[Black "Stahnke, Alexander"]
[Result "0-1"]
[WhiteElo "1697"]
[BlackElo "1701"]
[PlyCount "56"]
[EventDate "2010.01.14"]
[EventType "swiss"]
[EventRounds "11"]
[EventCountry "AUS"]
[SourceTitle "EXT 2011"]
[Source "ChessBase"]
[SourceDate "2010.11.26"]
[SourceVersion "1"]
[SourceVersionDate "2010.11.26"]
[SourceQuality "1"]

1. d4 Nf6 2. Nf3 g6 3. Nc3 Bg7 4. Bf4 0-0 5. e3 d6 6. Bc4 Nbd7 7. Qe2 c5 8. 0-0-0 a6 9. dxc5 Nxc5 10. e4 b5 11. Bb3 b4 12. Nd5 Nfxe4 13. Ng5 Nxb3+ 14. axb3 e6 15. Nxe4 exd5 16. Rxd5 Bb7 17. Rxd6 Qa5 18. Kb1 Qf5 19. Nc5 Qxc5 20. Rd7 Bc6 21. Bd6 Qb5 22. Qxb5 axb5 23. Rc7 Rfc8 24. Rxc8+ Rxc8 25. f3 Bf8 26. Bxf8 Kxf8 27. Rd1 Re8 28. Rd4 Re1+ 0-1

[Event "AUS-ch Major"]
[Site "Cammeray"]
[Date "2010.01.02"]
[Round "1"]
[White "Hu, Jason"]
[Black "Stahnke, Alexander"]
[Result "1/2-1/2"]
[WhiteElo "2113"]
[BlackElo "1701"]
[PlyCount "110"]
[EventDate "2010.01.02"]
[EventType "swiss"]
[EventRounds "11"]
[EventCountry "AUS"]
[SourceTitle "EXT 2011"]
[Source "ChessBase"]
[SourceDate "2010.11.26"]
[SourceVersion "1"]
[SourceVersionDate "2010.11.26"]
[SourceQuality "1"]

1. c4 Nf6 2. Nc3 g6 3. e4 d6 4. g3 Bg7 5. Bg2 e5 6. Nge2 Be6 7. 0-0 0-0 8. d3 Ne8 9. f4 c6 10. f5 Bd7 11. Be3 Nc7 12. Qd2 Qe7 13. g4 f6 14. g5 fxg5 15. Bxg5 Bf6 16. Bh6 Bg7 17. fxg6 hxg6 18. Rxf8+ Bxf8 19. Bxf8 Qxf8 20. Qg5 Be8 21. Rf1 Bf7 22. Ng3 Ne6 23. Qg4 Qg7 24. Bh3 Nf4 25. Qc8+ Qf8 26. Kh1 Qxc8 27. Bxc8 a5 28. Rf3 Ra7 29. Nge2 g5 30. Nxf4 gxf4 31. Rh3 Bg6 32. Bf5 Kg7 33. Bxg6 Kxg6 34. Rh8 Nd7 35. Rd8 b6 36. Rc8 Nc5 37. Rxc6 Rd7 38. Nd5 Nxd3 39. Nxb6 Rd8 40. Kg2 Kg5 41. Nc8 Rf8 42. Kf3 Ne1+ 43. Kf2 Nd3+ 44. Kf1 f3 45. Rxd6 Nc5 46. Ne7 Rf7 47. Nc6 Nxe4 48. Rd5 Kf4 49. Nxe5 Rg7 50. c5 f2 51. Nd3+ Ke3 52. Nxf2 Nd2+ 53. Rxd2 Kxd2 54. b3 Rc7 55. a3 Kc3 1/2-1/2

[Event "Australian Young Masters"]
[Site "Rockdale"]
[Date "2009.10.11"]
[Round "9"]
[White "Stahnke, Alexander"]
[Black "Nakauchi, Gene"]
[Result "0-1"]
[WhiteElo "1819"]
[BlackElo "2119"]
[PlyCount "128"]
[EventDate "2009.10.06"]
[EventType "tourn"]
[EventRounds "9"]
[EventCountry "AUS"]
[SourceTitle "EXT 2023"]
[Source "ChessBase"]
[SourceDate "2022.10.05"]
[SourceVersion "1"]
[SourceVersionDate "2022.10.05"]
[SourceQuality "1"]

1. c4 c5 2. b3 Nf6 3. Bb2 e6 4. e3 Be7 5. Nc3 0-0 6. d4 cxd4 7. exd4 d5 8. Nf3 Nc6 9. Be2 b6 10. Ne5 Bb7 11. Bf3 Na5 12. 0-0 Rc8 13. Rc1 dxc4 14. Bxb7 Nxb7 15. bxc4 Na5 16. Qe2 Qc7 17. Rfd1 a6 18. Ne4 Qb7 19. Nd2 Rfd8 20. Nb3 Nc6 21. Nxc6 Rxc6 22. h3 h6 23. Nd2 Rcc8 24. Nf1 b5 25. cxb5 Qxb5 26. Qxb5 axb5 27. Ne3 Nd5 28. Nxd5 exd5 29. a3 Rc4 30. Kf1 Kf8 31. Ke2 Bg5 32. Rxc4 bxc4 33. Bc3 Rb8 34. Bb4+ Be7 35. Rb1 Bxb4 36. axb4 Ke7 37. Kd2 Kd7 38. Kc3 Kc6 39. Ra1 Kb6 40. Ra5 Rd8 41. Rc5 Rd7 42. g3 g5 43. Rc8 Ra7 44. Rh8 Ra3+ 45. Kb2 Rd3 46. Rxh6+ Kb5 47. Rh5 Kxb4 48. Rxg5 Rd2+ 49. Kc1 Rxf2 50. Rxd5 Kc3 51. Kd1 Kd3 52. Re5 c3 53. Re1 Ra2 54. Re3+ Kxe3 55. d5 Kd3 56. Ke1 c2 57. Kf2 c1Q+ 58. Kf3 Qe3+ 59. Kg4 Ra4+ 60. Kf5 Qe4+ 61. Kf6 Ra6+ 62. Kg7 f5 63. h4 Qe7+ 64. Kh8 Ra8# 0-1

[Event "Australian Young Masters"]
[Site "Rockdale"]
[Date "2009.10.10"]
[Round "7"]
[White "Stahnke, Alexander"]
[Black "Brown, Andrew"]
[Result "1/2-1/2"]
[WhiteElo "1819"]
[BlackElo "2096"]
[PlyCount "155"]
[EventDate "2009.10.06"]
[EventType "tourn"]
[EventRounds "9"]
[EventCountry "AUS"]
[SourceTitle "EXT 2023"]
[Source "ChessBase"]
[SourceDate "2022.10.05"]
[SourceVersion "1"]
[SourceVersionDate "2022.10.05"]
[SourceQuality "1"]

1. d4 g6 2. c4 Bg7 3. g3 c6 4. Bg2 d5 5. cxd5 cxd5 6. e3 h5 7. Ne2 h4 8. Nf4 g5 9. Nd3 h3 10. Bf3 Nf6 11. Nc3 g4 12. Be2 Nc6 13. Ne5 Bf5 14. Nxg4 Ne4 15. f3 Nxc3 16. bxc3 0-0 17. Nf2 e5 18. e4 Bg6 19. Be3 dxe4 20. dxe5 exf3 21. Qxd8 Raxd8 22. Bxf3 Nxe5 23. Be2 Rfe8 24. 0-0 Nc6 25. Bg5 Rd5 26. Nxh3 Rxg5 27. Nxg5 Rxe2 28. Rae1 Rxe1 29. Rxe1 Bxc3 30. Rd1 b5 31. Rd6 Ne5 32. Nh3 b4 33. Nf4 Bb1 34. Ra6 Bd4+ 35. Kf1 Bb6 36. Ke2 Be4 37. Kd2 Bc6 38. Kc2 Bb5 39. Rxb6 axb6 40. Kb3 Bc4+ 41. Kxb4 Bxa2 42. Kb5 Ng4 43. h3 Ne3 44. Kxb6 Nd5+ 45. Nxd5 Bxd5 46. Kc5 Be6 47. h4 Kg7 48. Kd4 Kg6 49. Ke4 f6 50. Kf4 Kh5 51. Kf3 Bh3 52. Kf4 Bg4 53. Ke4 Kg6 54. Kf4 f5 55. Ke3 Kf7 56. Kf4 Kf6 57. Ke3 Ke5 58. Kd3 Bf3 59. Ke3 Bh5 60. Kd3 Bf7 61. Ke3 Be6 62. Kf3 Kf6 63. Kf4 Kg6 64. Kf3 Kh5 65. Kf4 Bd7 66. Ke5 Kg4 67. Kf6 Be8 68. Ke6 Bg6 69. Kf6 Bh7 70. Kg7 Kxg3 71. h5 Kg4 72. h6 Kg5 73. Kxh7 f4 74. Kg7 f3 75. h7 f2 76. h8Q f1Q 77. Qh6+ Kg4 78. Qg6+ 1/2-1/2

[Event "Australian Young Masters"]
[Site "Rockdale"]
[Date "2009.10.08"]
[Round "4"]
[White "Setiabudi, Allen"]
[Black "Stahnke, Alexander"]
[Result "1/2-1/2"]
[WhiteElo "1882"]
[BlackElo "1819"]
[PlyCount "120"]
[EventDate "2009.10.06"]
[EventType "tourn"]
[EventRounds "9"]
[EventCountry "AUS"]
[SourceTitle "EXT 2023"]
[Source "ChessBase"]
[SourceDate "2022.10.05"]
[SourceVersion "1"]
[SourceVersionDate "2022.10.05"]
[SourceQuality "1"]

1. e4 c5 2. Nc3 e6 3. f4 a6 4. Nf3 b5 5. d3 Bb7 6. e5 d5 7. exd6 Bxd6 8. g3 Nf6 9. Bg2 Nbd7 10. 0-0 Qb6 11. Qe2 b4 12. Ne4 Nxe4 13. dxe4 c4+ 14. Be3 Bc5 15. Bxc5 Nxc5 16. Kh1 Nxe4 17. Ne5 Nd6 18. Nxc4 Nxc4 19. Qxc4 Rc8 20. Qe2 Bxg2+ 21. Qxg2 Qc6 22. Rf2 Ke7 23. a3 bxa3 24. Qxc6 Rxc6 25. Rxa3 Rd8 26. Kg2 Rd5 27. b4 Rd4 28. c3 Rdc4 29. Rf3 h6 30. Rd3 g5 31. Kf3 f6 32. Kg4 f5+ 33. Kf3 g4+ 34. Ke3 h5 35. Kd2 h4 36. Ra5 Rb6 37. Re5 Rb5 38. Rde3 Rc6 39. Kc2 Rcb6 40. Re1 Rxe5 41. Rxe5 Rb5 42. Re1 a5 43. Rb1 axb4 44. cxb4 Kd6 45. Rd1+ Rd5 46. Rb1 e5 47. fxe5+ Kxe5 48. b5 Ke4 49. b6 Kf3 50. b7 Rd8 51. Kc3 Rb8 52. Rb2 f4 53. gxf4 Kxf4 54. Kd4 g3 55. hxg3+ Kxg3 56. Rb3+ Kg2 57. Kc5 h3 58. Kc6 h2 59. Rb2+ Kg3 60. Rxh2 Kxh2 1/2-1/2

[Event "Australian Young Masters"]
[Site "Rockdale"]
[Date "2009.10.07"]
[Round "2"]
[White "Stahnke, Alexander"]
[Black "Liu, Yi"]
[Result "0-1"]
[WhiteElo "1819"]
[BlackElo "1942"]
[PlyCount "84"]
[EventDate "2009.10.06"]
[EventType "tourn"]
[EventRounds "9"]
[EventCountry "AUS"]
[SourceTitle "EXT 2023"]
[Source "ChessBase"]
[SourceDate "2022.10.05"]
[SourceVersion "1"]
[SourceVersionDate "2022.10.05"]
[SourceQuality "1"]

1. d4 d5 2. c4 e6 3. Nc3 c6 4. e3 Bd6 5. cxd5 exd5 6. Bd3 Nf6 7. Nge2 0-0 8. Qc2 Re8 9. f3 c5 10. Nb5 c4 11. Nxd6 cxd3 12. Qxc8 Qxd6 13. Qxb7 Nbd7 14. Nc3 Reb8 15. Qxa8 Rxa8 16. 0-0 Nb6 17. Rd1 Rc8 18. Rxd3 Qb4 19. e4 dxe4 20. fxe4 Nxe4 21. Re3 Qxd4 22. Kf1 Nxc3 23. bxc3 Qf6+ 24. Rf3 Qe6 25. Bf4 h6 26. Re1 Qxa2 27. Kg1 a5 28. Rg3 Kh8 29. Be5 f6 30. Bd4 Nd5 31. Rf1 a4 32. Rf2 Qb1+ 33. Rf1 Qb3 34. h3 a3 35. Kh2 a2 36. Rg4 Qb1 37. Rf3 a1Q 38. Kg3 Nxc3 39. Kh4 Qe1+ 40. Bf2 g5+ 41. Kg3 Ne2+ 42. Kh2 Qh1# 0-1

[Event "Oceania zt"]
[Site "Gold Coast"]
[Date "2009.06.20"]
[Round "2"]
[White "Steadman, Michael VR"]
[Black "Stahnke, Alexander"]
[Result "1-0"]
[WhiteElo "2262"]
[BlackElo "1795"]
[PlyCount "52"]
[EventDate "2009.06.20"]
[EventType "swiss"]
[EventRounds "9"]
[EventCountry "AUS"]
[SourceTitle "CBM 130 Extra"]
[Source "ChessBase"]
[SourceDate "2009.07.02"]
[SourceVersion "2"]
[SourceVersionDate "2009.07.15"]
[SourceQuality "1"]

1. d4 Nf6 2. c4 g6 3. Nc3 Bg7 4. e4 0-0 5. Bd3 d6 6. Nge2 Nbd7 7. 0-0 e5 8. d5 Ne8 9. Be3 f5 10. exf5 gxf5 11. f4 b6 12. Rc1 Nc5 13. Bb1 a5 14. b3 Bd7 15. Rf3 Nf6 16. Kh1 Ng4 17. Bg1 Rf6 18. Qe1 Rh6 19. h3 Nf6 20. Qh4 Qe8 21. fxe5 Qg6 22. Qxf6 Kh8 23. Rf2 Re8 24. Nd4 Ne4 25. Bxe4 fxe4 26. Nde2 Bf5 1-0

[Event "AUS-ch U18"]
[Site "Adelaide"]
[Date "2009.01.13"]
[Round "11"]
[White "Stahnke, Alexander"]
[Black "Antolis, Cedric"]
[Result "0-1"]
[WhiteElo "1648"]
[BlackElo "1889"]
[PlyCount "64"]
[EventDate "2009.01.02"]
[EventType "swiss"]
[EventRounds "11"]
[EventCountry "AUS"]
[SourceTitle "CBM 128 Extra"]
[Source "ChessBase"]
[SourceDate "2009.03.05"]
[SourceVersion "2"]
[SourceVersionDate "2009.03.25"]
[SourceQuality "1"]

1. c4 e5 2. Nc3 Nc6 3. g3 f5 4. Bg2 Nf6 5. d3 Bb4 6. e3 Bxc3+ 7. bxc3 0-0 8. Ne2 d6 9. 0-0 Qe8 10. Kh1 Kh8 11. d4 e4 12. Ng1 Na5 13. c5 dxc5 14. Ba3 b6 15. dxc5 Nc4 16. Bc1 bxc5 17. Qc2 Bd7 18. f3 Bc6 19. fxe4 Nxe4 20. Nf3 Ba4 21. Qd3 Bb5 22. a4 Ba6 23. Qc2 Rd8 24. Re1 Rd3 25. Bf1 Rxc3 26. Qg2 Bb7 27. Bxc4 Rxc4 28. Qe2 Ng5 29. Qxc4 Nxf3 30. Qxc5 Nxe1+ 31. Kg1 Nd3 32. Qxc7 Qe4 0-1

[Event "AUS-ch U18"]
[Site "Adelaide"]
[Date "2009.01.11"]
[Round "9"]
[White "Stahnke, Alexander"]
[Black "Milton, Anthony W"]
[Result "1-0"]
[WhiteElo "1648"]
[BlackElo "1702"]
[PlyCount "101"]
[EventDate "2009.01.02"]
[EventType "swiss"]
[EventRounds "11"]
[EventCountry "AUS"]
[SourceTitle "CBM 128 Extra"]
[Source "ChessBase"]
[SourceDate "2009.03.05"]
[SourceVersion "2"]
[SourceVersionDate "2009.03.25"]
[SourceQuality "1"]

1. e4 c5 2. Nf3 d6 3. c3 Nc6 4. h3 Nf6 5. Bd3 d5 6. e5 Nd7 7. e6 fxe6 8. Ng5 Nf6 9. Bxh7 Ne5 10. d4 Nxh7 11. Nxh7 Rxh7 12. dxe5 Qc7 13. f4 Bd7 14. Qd3 Rh6 15. 0-0 0-0-0 16. f5 Rh8 17. Bf4 Qb6 18. a4 c4+ 19. Qe3 Qxe3+ 20. Bxe3 Kb8 21. Bf4 Ka8 22. fxe6 Bxe6 23. Rd1 Bf5 24. Na3 e6 25. Nxc4 Rh7 26. b4 Be7 27. Ne3 Be4 28. Rd4 g5 29. Bg3 Rc8 30. c4 Bxb4 31. cxd5 Bc3 32. Rc1 exd5 33. Be1 Rhc7 34. Rxc3 Rxc3 35. Bxc3 Rxc3 36. Nxd5 Rc1+ 37. Kh2 Bxd5 38. Rxd5 Kb8 39. Kg3 Rc4 40. Kf3 Kc8 41. e6 Rc7 42. Rxg5 Re7 43. Re5 Kc7 44. Ke4 a6 45. Kf5 Kd6 46. Kf6 Re8 47. e7 b5 48. Kf7 Kxe5 49. Kxe8 bxa4 50. Kd8 a3 51. e8Q+ 1-0

[Event "AUS-ch U18"]
[Site "Adelaide"]
[Date "2009.01.03"]
[Round "2"]
[White "Yuan, Yi"]
[Black "Stahnke, Alexander"]
[Result "1-0"]
[WhiteElo "2058"]
[BlackElo "1648"]
[PlyCount "75"]
[EventDate "2009.01.02"]
[EventType "swiss"]
[EventRounds "11"]
[EventCountry "AUS"]
[SourceTitle "CBM 128 Extra"]
[Source "ChessBase"]
[SourceDate "2009.03.05"]
[SourceVersion "2"]
[SourceVersionDate "2009.03.25"]
[SourceQuality "1"]

1. e4 c5 2. c3 e6 3. d4 d5 4. e5 cxd4 5. cxd4 Qb6 6. Nf3 Bd7 7. Nc3 Ne7 8. Bd3 a6 9. 0-0 Nbc6 10. Be3 0-0-0 11. a3 Kb8 12. b4 Nf5 13. b5 axb5 14. Nxb5 Na7 15. a4 Nxe3 16. fxe3 Bxb5 17. axb5 Be7 18. Qe2 f5 19. Ra2 Kc7 20. Rc1+ Kd7 21. Rxa7 Ra8 22. Rxa8 Rxa8 23. h3 g6 24. Qc2 Qd8 25. Nd2 Bg5 26. Kf2 Rc8 27. Qxc8+ Qxc8 28. Rxc8 Kxc8 29. Nb3 b6 30. g3 Be7 31. Nc1 Kd8 32. Ne2 Ke8 33. Nf4 Kf7 34. Be2 Bd8 35. g4 g5 36. Nd3 Kg6 37. gxf5+ exf5 38. Nb4 1-0

[Event "AUS-ch U12"]
[Site "Canberra"]
[Date "2007.01.25"]
[Round "10"]
[White "Stahnke, Alexander"]
[Black "Horton, Vincent"]
[Result "1-0"]
[WhiteElo "1467"]
[BlackElo "1386"]
[PlyCount "57"]
[EventDate "2007.01.14"]
[EventType "swiss"]
[EventRounds "11"]
[EventCountry "AUS"]
[SourceTitle "EXT 2008"]
[Source "ChessBase"]
[SourceDate "2007.11.25"]
[SourceVersion "1"]
[SourceVersionDate "2007.11.25"]
[SourceQuality "1"]

1. e4 c5 2. d4 cxd4 3. c3 dxc3 4. Nxc3 e6 5. Bc4 Nc6 6. Nf3 a6 7. 0-0 Nge7 8. Bg5 f6 9. Be3 Ng6 10. Nd4 Be7 11. f4 0-0 12. f5 Nge5 13. Bb3 Nxd4 14. Bxd4 Nc6 15. Rf3 Qc7 16. Rh3 Nxd4 17. Qh5 h6 18. Qg6 Qf4 19. Rg3 Rf7 20. Rf1 Qd2 21. Rd1 Ne2+ 22. Nxe2 Qxe2 23. fxe6 dxe6 24. h3 Qxb2 25. e5 Qxe5 26. Bc2 Kf8 27. Qh7 Ke8 28. Qg8+ Rf8 29. Bg6# 1-0

[Event "AUS-ch U12"]
[Site "Canberra"]
[Date "2007.01.24"]
[Round "9"]
[White "Yuan, Yi"]
[Black "Stahnke, Alexander"]
[Result "1-0"]
[WhiteElo "1712"]
[BlackElo "1467"]
[PlyCount "89"]
[EventDate "2007.01.14"]
[EventType "swiss"]
[EventRounds "11"]
[EventCountry "AUS"]
[SourceTitle "EXT 2008"]
[Source "ChessBase"]
[SourceDate "2007.11.25"]
[SourceVersion "1"]
[SourceVersionDate "2007.11.25"]
[SourceQuality "1"]

1. e4 e5 2. Nf3 Nc6 3. Bb5 a6 4. Ba4 Nf6 5. 0-0 b5 6. Bb3 Bc5 7. Nxe5 Nxe5 8. d4 Qe7 9. dxc5 h6 10. Be3 Bb7 11. Nc3 0-0 12. f3 Rfe8 13. Qe2 b4 14. Nd5 Nxd5 15. exd5 a5 16. Rfe1 Ba6 17. Qf2 Bb5 18. Bd4 Qf6 19. a4 bxa3 20. bxa3 Qf5 21. a4 Ba6 22. Qg3 d6 23. cxd6 cxd6 24. Re4 Qg6 25. Bxe5 dxe5 26. Qxg6 fxg6 27. Rae1 Red8 28. Rxe5 Kh7 29. Rd1 Ra7 30. d6 Rad7 31. Red5 Bb7 32. R5d4 Bc6 33. Kf2 g5 34. Be6 Rb7 35. Rc4 Rb6 36. d7 Bxa4 37. Rxa4 Rxe6 38. Re4 a4 39. c4 a3 40. c5 a2 41. c6 Rb8 42. Ra1 Rb2+ 43. Ke3 Rb3+ 44. Kd4 Rb2 45. Kc3 1-0

[Event "AUS-ch U12"]
[Site "Canberra"]
[Date "2007.01.21"]
[Round "7"]
[White "Stahnke, Alexander"]
[Black "Lau, Joshua"]
[Result "1-0"]
[WhiteElo "1467"]
[BlackElo "1342"]
[PlyCount "117"]
[EventDate "2007.01.14"]
[EventType "swiss"]
[EventRounds "11"]
[EventCountry "AUS"]
[SourceTitle "EXT 2008"]
[Source "ChessBase"]
[SourceDate "2007.11.25"]
[SourceVersion "1"]
[SourceVersionDate "2007.11.25"]
[SourceQuality "1"]

1. e4 c5 2. d4 cxd4 3. c3 d3 4. Bxd3 e5 5. Nf3 Nc6 6. Nbd2 Nf6 7. 0-0 Be7 8. b4 a6 9. a4 0-0 10. Bb2 Qc7 11. Qb3 d6 12. Rfc1 Be6 13. c4 Nh5 14. Qc3 Nf4 15. b5 Nb8 16. c5 axb5 17. Bxb5 Bd7 18. Qe3 Nc6 19. cxd6 Bxd6 20. Nc4 Ng6 21. Rd1 Nd4 22. Nxd4 exd4 23. Qxd4 Bxh2+ 24. Kh1 Be5 25. Nxe5 Nxe5 26. Qxe5 Qxe5 27. Bxe5 Be6 28. Rd6 h6 29. Rb6 Rac8 30. Rxb7 Rc2 31. Bd4 Rd2 32. Be3 Rdd8 33. Bc5 Rb8 34. Rxb8 Rxb8 35. Rd1 Ra8 36. Bb6 Kh7 37. a5 Bc8 38. Rd8 Bb7 39. Rxa8 Bxa8 40. f3 Kg6 41. Bc4 Bb7 42. a6 Bxa6 43. Bxa6 Kg5 44. Bc4 f6 45. Be3+ Kh4 46. Kh2 Kh5 47. Bf7+ g6 48. g4+ Kh4 49. Bf2+ Kg5 50. Kg3 f5 51. e5 f4+ 52. Kh3 h5 53. Bh4+ Kh6 54. gxh5 gxh5 55. Bf6 h4 56. e6 Kh7 57. e7 Kh6 58. e8Q Kh7 59. Qh8# 1-0

[Event "AUS-ch U12"]
[Site "Canberra"]
[Date "2007.01.19"]
[Round "5"]
[White "Stahnke, Alexander"]
[Black "Lee, Bevan"]
[Result "1-0"]
[WhiteElo "1467"]
[BlackElo "803"]
[PlyCount "155"]
[EventDate "2007.01.14"]
[EventType "swiss"]
[EventRounds "11"]
[EventCountry "AUS"]
[SourceTitle "EXT 2008"]
[Source "ChessBase"]
[SourceDate "2007.11.25"]
[SourceVersion "1"]
[SourceVersionDate "2007.11.25"]
[SourceQuality "1"]

1. e4 e5 2. Nf3 Nc6 3. Bc4 Nf6 4. Ng5 d5 5. exd5 b5 6. Bb3 Nd4 7. Nc3 Nxb3 8. axb3 b4 9. Nce4 Qxd5 10. Qf3 Nxe4 11. Qxe4 Qxe4+ 12. Nxe4 Bb7 13. f3 Be7 14. d3 h6 15. Be3 a5 16. 0-0 0-0 17. Ra2 Rfd8 18. Rfa1 Rd5 19. Kf1 f5 20. Nd2 f4 21. Bf2 Bd8 22. Nc4 Kf7 23. Rxa5 Raxa5 24. Rxa5 Rxa5 25. Nxa5 Ba8 26. Nc4 Ke6 27. Bc5 Bf6 28. Bxb4 Kd5 29. Ba5 Kc6 30. g3 fxg3 31. hxg3 Bb7 32. Bc3 Kd5 33. Ke2 Ba6 34. Ne3+ Ke6 35. Ng4 h5 36. Nxf6 gxf6 37. Ke3 f5 38. f4 exf4+ 39. Kxf4 Bb5 40. Kg5 Be8 41. Bd4 Bf7 42. Be3 c6 43. Bf4 Be8 44. c4 c5 45. Be3 Kd6 46. Kxf5 Kc6 47. Bd2 Bd7+ 48. Kg5 Bg4 49. b4 Be2 50. bxc5 Kxc5 51. Be3+ Kb4 52. c5 Bf3 53. Bd4 Kb5 54. Be3 Kc6 55. d4 Kd5 56. Kf4 Bg4 57. b4 Be2 58. Kg5 Bf3 59. b5 Ke6 60. b6 Kd7 61. Kf5 Kc6 62. Ke6 Bd5+ 63. Ke5 Bf3 64. b7 Kxb7 65. d5 Kc7 66. Bd2 Kd7 67. Ba5 Bg2 68. c6+ Kc8 69. Kd6 Bf3 70. Kc5 Bg2 71. d6 Bh3 72. Kd4 Bg4 73. Ke5 Bh3 74. Kf6 Kb8 75. d7 Ka7 76. d8Q h4 77. Qc7+ Ka8 78. Qb7# 1-0

[Event "AUS-ch U12"]
[Site "Canberra"]
[Date "2007.01.16"]
[Round "3"]
[White "Stahnke, Alexander"]
[Black "Spooner, Andrew"]
[Result "1-0"]
[WhiteElo "1467"]
[BlackElo "519"]
[PlyCount "59"]
[EventDate "2007.01.14"]
[EventType "swiss"]
[EventRounds "11"]
[EventCountry "AUS"]
[SourceTitle "EXT 2008"]
[Source "ChessBase"]
[SourceDate "2007.11.25"]
[SourceVersion "1"]
[SourceVersionDate "2007.11.25"]
[SourceQuality "1"]

1. e4 d5 2. exd5 Nf6 3. Nc3 c6 4. dxc6 Nxc6 5. Bb5 Bd7 6. Nf3 e5 7. 0-0 Bd6 8. Qe1 Qa5 9. d4 Ng4 10. h3 a6 11. Bxc6 Bxc6 12. hxg4 Bxf3 13. gxf3 0-0 14. dxe5 Rae8 15. f4 f6 16. Qd1 Bc7 17. Qd5+ Kh8 18. Qxa5 Bxa5 19. exf6 Rxf6 20. Bd2 Rd6 21. Rad1 Rdd8 22. Rfe1 Rxe1+ 23. Rxe1 h6 24. Re2 Kh7 25. Ne4 Bc7 26. g5 h5 27. Ng3 Kg6 28. f5+ Kh7 29. g6+ Kg8 30. Nxh5 1-0